000 00654nam a2200217 a 4500
001 4680896
005 20250223165029.0
008 830906s1982 iaua 001 0 eng
020 _a0697056643
050 1 0 _aRK60.5
_b.S36 1982
082 0 0 _a617.6
_219
100 1 _aSchwarzrock, Shirley Pratt,
_d1914-
245 1 0 _aEffective dental assisting /
_cShirley Pratt Schwarzrock, James R. Jensen.
250 _a6th ed.
260 _aDubuque, Iowa :
_bWm. C. Brown,
_cc1982.
300 _axviii, 818 p. :
_bill. ;
_c24 cm.
500 _aIncludes index.
650 0 _aDental assistants.
700 1 _aJensen, James R.,
_d1922-
942 _2lcc
_cBK
_e6th ed.
_n0
999 _c4214
_d4214